| 000 | 00467nam a2200157 a 4500 | ||
|---|---|---|---|
| 001 | 58381 | ||
| 005 | 20180714054953.0 | ||
| 008 | 140415s1982 mx 000 0 spa d | ||
| 020 | _a9682509777 | ||
| 041 | _aspa | ||
| 082 |
_a610 _bCLI |
||
| 245 | 0 | 0 |
_aCLINICAS MEDICAS DE NORTEAMERICA : _bTRATAMIENTO DE LAS ENFERMEDADES DERMATOLOGICAS |
| 250 | _a1a ed. | ||
| 260 |
_aMEXICO : _bINTERAMERICANA-MCGRAW-HILL, _c1982 |
||
| 700 | 1 |
_aVELA T., HOMERO _etr. |
|
| 999 |
_c58381 _d58381 |
||